1644 1603 1289 1054 1344 1541 1289 1416 1687 1617 1260 1234 1503 1528 1871 1191 1771 1860 1271 1014 1650 1938 1433 1362 1079 1175 1929 1964 1445 1295 1927 1829 1282 1756 1603 1169 1327 1192 1461 1881 1533 1879 1465 1893 1334 1225 1675 1958 1743 1510 1484 1599 1786 1572 1345 1786 1509 1339 1508 1885 1420 1102 1163 1052 1774 1251 1242 1069 1641 1274 1094 1864 1726 1578 1435 1074 1571 1951 1237 1640 1566 1268 1742 1836 1980 1369 1170 1679 1437 1128 1719 1727 1380 1024 1681 1628 1555 1055 1235 BCNSPRNW ULIB Ver.6.0+V

เปลี่ยนเป็นภาษาไทย

Change to English
 แสดงรายละเอียดบรรณานุกรม
  กลับหน้าหลัก

Brief Record : Get Marc (ISO 2709) : E-mail record : QR code < ปิดหน้าต่าง
LEADER : 00000nam 2200000uu 4500
001    13399109075
003     ULIB
008    110321s2552||||th 000 0 tha d
020    9789744141064
060 04 WC515^bศ159ท 2552
100 0  ศรัญญู ชูศรี
245 10 ทำอย่างไรไม่ติดไข้หวัดใหญ่ 2009 ! /^cศรัญญู ชูศรี
250    พิมพ์ครั้งที่ 1
260    กรุงเทพฯ :^bดีไลท์พับลิชชิ่ง,^c2552
300    74 หน้า :^bภาพประกอบ ;^c21 ซม.
650  7 ไข้หวัดใหญ่สายพันธุ์ใหม่ 2009
650  7 ไข้หวัดใหญ่^xการป้องกันและควบคุม
945    ^p65^l0^i029866
945    ^p65^l0^i029865
995    ทศพร
999 ^a ใช้งานได้ทุกระบบ
รายการนี้ยังไม่มีแท็ก
คุณยังไม่ได้ล็อกอิน คุณสามารถมีกิจกรรมร่วมกับเว็บไซต์ได้ แต่ต้องล็อกอินก่อน ::
  ล็อกอิน

รายการสื่อสารสนเทศ

ลำดับที่ ประเภท เลขเรียก/บาร์โค้ด สถานที่ สถานะ
- ไม่พบข้อมูล -

รายการใกล้เคียง
    ผู้แต่ง [ศรัญญู ชูศรี]

    หัวเรื่อง [ไข้หวัดใหญ่สายพันธุ์ใหม่ 2009]

BibComment


ยังไม่เคยถูกคอมเมนท์

คอมเมนท์ทรัพยากรรายการนี้
  คอมเมนท์: ทำอย่างไรไม่ติดไข..


 Copyright 2026. Bcnsprnw @Library